书目信息 |
| 题名: |
吴晗经典作品集
|
|
| 作者: | 吴晗 著 | |
| 分册: | 3 历史的镜子 | |
| 出版信息: | 北京 民主与建设出版社 2021 |
|
| 页数: | 250页 | |
| 开本: | 23cm | |
| 丛书名: | ||
| 单 册: | ||
| 中图分类: | C539 , K248.07 | |
| 科图分类: | ||
| 主题词: | 社会科学--杂文集 , 中国--历史 | |
| 电子资源: | ||
| ISBN: | 978-7-5139-3288-2 | |
| 000 | 00775nam0 2200253 450 | |
| 001 | 2365531516 | |
| 005 | 20231016181236.48 | |
| 010 | @a978-7-5139-3288-2@dCNY39.60 | |
| 100 | @a20211012d2021 em y0chiy50 ea | |
| 101 | 0 | @achi |
| 102 | @aCN@b110000 | |
| 105 | @ay z 000yy | |
| 200 | 1 | @a吴晗经典作品集@AWu Han Jing Dian Zuo Pin Ji@h3@i历史的镜子@f吴晗著 |
| 210 | @a北京@c民主与建设出版社@d2021 | |
| 215 | @a250页@d23cm | |
| 330 | @a本书收录了《论社会风气》、《论贪污》、《贪污史的一章》等文章。 | |
| 517 | 1 | @a历史的镜子@ALi Shi De Jing Zi |
| 606 | 0 | @a社会科学@x杂文集 |
| 606 | 0 | @a中国@x历史 |
| 690 | @aC539@v5 | |
| 690 | @aK248.07@v4 | |
| 701 | 0 | @a吴晗@Awu han@4著 |
| 801 | 0 | @aCN@b大连网信软件有限公司图书馆·11@c20231016 |
| 905 | @aZUCC@dK248.07@e88:3 | |
| 吴晗经典作品集.3.历史的镜子/吴晗著.-北京:民主与建设出版社,2021 |
| 250页;23cm |
| ISBN 978-7-5139-3288-2:CNY39.60 |
| 本书收录了《论社会风气》、《论贪污》、《贪污史的一章》等文章。 |
| ● |
| 相关链接 |
|
|
|
正题名:吴晗经典作品集
索取号:K248.07/88:3
 
预约/预借
| 序号 | 登录号 | 条形码 | 馆藏地/架位号 | 状态 | 备注 |
| 1 | 2001025965 | 2001025965 | 315书库/四33架B面1层1列/ [索取号:K248.07/88:3] | 在馆 | |
| 2 | 2001025966 | 2001025966 | 315书库/四33架B面1层1列/ [索取号:K248.07/88:3] | 在馆 | |
| 3 | 2001025967 | 2001025967 | 315书库/四33架B面1层1列/ [索取号:K248.07/88:3] | 在馆 | |
| 4 | 2001025968 | 2001025968 | 315书库/四33架B面1层1列/ [索取号:K248.07/88:3] | 在馆 | |
| 5 | 2001025969 | 2001025969 | 315书库/四33架B面1层1列/ [索取号:K248.07/88:3] | 在馆 | |
| 6 | 2001025970 | 2001025970 | 315书库/四33架B面1层1列/ [索取号:K248.07/88:3] | 在馆 |